| 000 | 01788nam a2200529 i 4500 | ||
|---|---|---|---|
| 001 | 6681 | ||
| 003 | KOSZ 005 | ||
| 005 | 20230118144824.0 | ||
| 008 | 970513s1992 pl a f |000 0 pol | ||
| 015 | _aPB 1992/7123 | ||
| 035 | _a991001420129705066 | ||
| 035 | _a(PL-WaBN)b10409816-48omnis_nlop | ||
| 035 | _ab10409816 | ||
| 035 | _a(OCoLC)749248805 | ||
| 035 | _a(PL)b0000001040981 | ||
| 035 | _a(EXLNZ-48OMNIS_NETWORK)9910503482805606 | ||
| 040 |
_aWA N _cWA N _dKOSZ 005/EG |
||
| 041 | _apol | ||
| 046 | _k1992 | ||
| 080 | _a621.01 | ||
| 080 | _a534 | ||
| 080 | _a(075.8) | ||
| 080 | _a(076) | ||
| 245 | 1 | 0 |
_aZbiór zadań z drgań mechanicznych : _bpraca zbiorowa / _cpod red. Janusza Wawrzeckiego. |
| 260 |
_aŁódź : _bWydaw. PŁ, _c1992. |
||
| 300 |
_a578 s. : _brys., wykr. ; _c21 cm. |
||
| 336 |
_2rdacontent _aTekst _btxt |
||
| 337 |
_2rdamedia _aBez urządzenia pośredniczącego _bn |
||
| 338 |
_2rdacarrier _aWolumin _bnc |
||
| 380 | _aKsiążki | ||
| 380 | _aPublikacje dydaktyczne | ||
| 385 |
_mPoziom nauczania _aSzkoły wyższe |
||
| 388 | _a1901-2000 | ||
| 388 | _a1989-2000 | ||
| 490 | 1 | _aSkrypty dla Szkół Wyższych / Politechnika Łódzka | |
| 504 | _aBibliogr. s. 577-578. | ||
| 521 | _aDla studentów Wydz. Mechanicznego PŁ. | ||
| 650 | 7 |
_aDrgania _2DBN |
|
| 655 | 7 |
_aĆwiczenia i zadania dla szkół wyższych _2DBN |
|
| 658 | _aInżynieria i technika | ||
| 700 | 1 |
_aWawrzecki, Janusz _eRedakcja |
|
| 710 | 2 |
_aWydawnictwo Naukowe Politechniki Łódzkiej _4pbl |
|
| 856 |
_uhttp://koha.tu.koszalin.pl/cgi-bin/koha/opac-detail.pl?biblionumber=6681 _yKatalog online BPK |
||
| 830 | 0 | _aSkrypty dla Szkół Wyższych - Politechnika Łódzka | |
| 942 |
_2UKD _cKS |
||
| 999 |
_c6681 _d6681 |
||